| 000 | 00602nam a2200193Ia 4500 | ||
|---|---|---|---|
| 003 | OSt | ||
| 005 | 20240508122524.0 | ||
| 008 | 210210b1970 xxu||||| |||| 00| 0 eng d | ||
| 040 | _cAL | ||
| 041 | _aHindi | ||
| 082 | _aH891.8 SANA | ||
| 100 |
_aSANYAL (Jitendranath). _dजितेन्द्रनाथ सान्याल _9163750 |
||
| 245 |
_aAmar Shahid sardar Bhagat Simh. _bअमर शहीद सरदार भगत सिंह |
||
| 260 |
_aMirajpur _bKintkari Prakashan _c1970 |
||
| 300 | _a143 | ||
| 690 |
_aHindi Miscellaneous _9163751 |
||
| 906 | _a029031 | ||
| 942 |
_2ddc _cBK |
||
| 999 |
_c80259 _d80259 |
||